000 01052nam a2200301 i 4500
001 10928
003 ES-MaACL
005 20230906150007.0
007 t|
008 920505s1992 sp |||| |dspa j
020 _a84-7256-372-3
080 _a849.9 Carner, Josep 1.06
080 _a849.9.09"19"
080 _a008(460.23)"1902/31"
100 1 _aAulet i Amela, Jaume.
_923908
245 1 0 _aJosep Carner i els orígens del noucentisme /
_cJaume Aulet.
260 _aBarcelona :
_bCurial :
_bAbadía de Montserrat,
_c1992.
300 _a373 p ;
_c23 cm.
490 1 _aTextos i estudis de cultura catalana ;
_v26
504 _aBibliografía: p. 352-362. Índice.
600 1 4 _aCarner, Josep-
_xCrítica e interpretación.
_935367
650 4 _aLiteratura catalana-
_yS.XX-
_xHistoria y crítica.
_914519
650 0 4 _aNovecentismo-
_zCataluña.
_915600
651 4 _aCataluña-
_xVida intelectual-
_vHistoria.
_9168445
830 0 _aTextos i estudis de cultura catalana ;
_v26
_9191693
852 _aES-MaACL
_jL-18254
999 _c10928
_d10928